Problems met by Cavite College of Arts and Science (CCAT) Bachelor of Science in Industrial Education (B.S.I.E) Student Teachers in Practice Teaching S.Y. 1994-1995 to 1995-1996 / (Record no. 4051)

MARC details
000 -LEADER
fixed length control field 01266nam a22002657a 4500
003 - CONTROL NUMBER IDENTIFIER
control field OSt
005 - DATE AND TIME OF LATEST TRANSACTION
control field 20260312015333.0
008 - FIXED-LENGTH DATA ELEMENTS--GENERAL INFORMATION
fixed length control field 250325b ||||| |||| 00| 0 eng d
040 ## - CATALOGING SOURCE
Language of cataloging English.
Transcribing agency CvSU-CCAT Campus Library.
Description conventions rda.
050 ## - LIBRARY OF CONGRESS CALL NUMBER
Classification number UM LB 1775.P5
Item number A54 2001
100 ## - MAIN ENTRY--PERSONAL NAME
Personal name Angcanan, Lea D., author.
9 (RLIN) 15735
245 ## - TITLE STATEMENT
Title Problems met by Cavite College of Arts and Science (CCAT) Bachelor of Science in Industrial Education (B.S.I.E) Student Teachers in Practice Teaching S.Y. 1994-1995 to 1995-1996 /
Statement of responsibility, etc. Lea D. Angcanan and Jonarie V. Dalit
260 ## - PUBLICATION, DISTRIBUTION, ETC.
Place of publication, distribution, etc. Rosario, Cavite :
Name of publisher, distributor, etc. Cavite State University-CCAT Campus,
Date of publication, distribution, etc. 2001
300 ## - PHYSICAL DESCRIPTION
Extent vi, 22 leaves :
Other physical details illustrations ;
Dimensions 28 cm
500 ## - GENERAL NOTE
General note Undergraduate Thesis (BSIE)--Cavite State University-CCAT Campus, 2001.
504 ## - BIBLIOGRAPHY, ETC. NOTE
Bibliography, etc. note Includes bibliographical references and appendices.
546 ## - LANGUAGE NOTE
Language note In English text
650 ## - SUBJECT ADDED ENTRY--TOPICAL TERM
Topical term or geographic name entry element Student teachers
Geographic subdivision Philippines
General subdivision Problems.
9 (RLIN) 16998
650 ## - SUBJECT ADDED ENTRY--TOPICAL TERM
Topical term or geographic name entry element Practice teaching
Geographic subdivision Philippines.
9 (RLIN) 16999
650 ## - SUBJECT ADDED ENTRY--TOPICAL TERM
Topical term or geographic name entry element Education, Higher
Geographic subdivision Philippines
General subdivision Practical training.
9 (RLIN) 17000
700 ## - ADDED ENTRY--PERSONAL NAME
Personal name Dalit, Jonarine V., author.
9 (RLIN) 15736
700 ## - ADDED ENTRY--PERSONAL NAME
Personal name Berbie, Lucila C., adviser.
9 (RLIN) 8788
942 ## - ADDED ENTRY ELEMENTS (KOHA)
Koha item type Thesis/Manuscripts/Dissertations
Classification part LB 1775.P5 A54 2001
Call number prefix UM
Source of classification or shelving scheme Library of Congress Classification
Holdings
Withdrawn status Lost status Source of classification or shelving scheme Damaged status Not for loan Collection code Home library Current library Shelving location Date acquired Coded location qualifier Full call number Barcode Date last seen Copy number Price effective from Koha item type
    Library of Congress Classification     Thesis/Manuscript/Dissertation Cavite State University - CCAT Campus Cavite State University - CCAT Campus TH 11/20/2002 UM UM LB 1775.P5 A54 2001 T0000063 03/25/2025 1 03/25/2025 Thesis/Manuscripts/Dissertations